সমসাম​য়িক ৰাজনৈতিক অৰ্থনীতি / Samasamoyik Rajnoitik Arthaniti (Record no. 16408)

MARC details
000 -LEADER
fixed length control field 00669nam a22002177a 4500
008 - FIXED-LENGTH DATA ELEMENTS--GENERAL INFORMATION
fixed length control field 260422b |||||||| |||| 00| 0 eng d
020 ## - INTERNATIONAL STANDARD BOOK NUMBER
International Standard Book Number 9789347492402
Price 340
040 ## - CATALOGING SOURCE
Original Cataloguing agency Sibsagar Commerce College Central Library
041 ## - LANGUAGE CODE
Language code of text/sound track or separate title Assamese
082 ## - DEWEY DECIMAL CLASSIFICATION NUMBER
Classification number 320
Book Number GOH
100 ## - MAIN ENTRY--PERSONAL NAME
Personal name Gohain, N.
Fuller form of name Nabin
245 ## - TITLE STATEMENT
Title সমসাম​য়িক ৰাজনৈতিক অৰ্থনীতি / Samasamoyik Rajnoitik Arthaniti
Sub Title Contemporary Political Economy
250 ## - EDITION STATEMENT
Edition statement 1st Ed.
260 ## - PUBLICATION, DISTRIBUTION, ETC.
Place of publication, distribution, etc. Jorhat
Name of publisher, distributor, etc. Bidya Bhawan
Date of publication, distribution, etc. 2026
300 ## - PHYSICAL DESCRIPTION
Pages 376 p. ;
Dimensions 14 x 21 cm
505 ## - FORMATED CONTENTS NOTE
Formated content notes 6th Semester <br/>Major<br/>NEP
650 ## - Subject
Subject Politiical Science
700 ## - Added Entry Personal Name
Personal Name Bora, Pankaj
942 ## - ADDED ENTRY ELEMENTS (KOHA)
Source of classification or shelving scheme Dewey Decimal Classification
Koha item type Books
Holdings
Withdrawn status Lost status Source of classification or shelving scheme Damaged status Not for loan Collection code Home library Current library Shelving location Date acquired Source of acquisition Cost, normal purchase price Total Checkouts Full call number Barcode Date last seen Copy number Cost, replacement price Price effective from Koha item type
    Dewey Decimal Classification     Political Science Sibsagar Commerce College Central Library Sibsagar Commerce College Central Library General Stacks 10/04/2026 Kitap Ghar 340.00   320 GOH 29234 22/04/2026 1 680.00 22/04/2026 Books
    Dewey Decimal Classification     Political Science Sibsagar Commerce College Central Library Sibsagar Commerce College Central Library General Stacks 10/04/2026 Kitap Ghar 340.00   320 GOH 29235 22/04/2026 2 680.00 22/04/2026 Books
    Dewey Decimal Classification     Political Science Sibsagar Commerce College Central Library Sibsagar Commerce College Central Library General Stacks 10/04/2026 Kitap Ghar 340.00   320 GOH 29236 22/04/2026 3 680.00 22/04/2026 Books
    Dewey Decimal Classification     Political Science Sibsagar Commerce College Central Library Sibsagar Commerce College Central Library General Stacks 10/04/2026 Kitap Ghar 340.00   320 GOH 29237 22/04/2026 4 680.00 22/04/2026 Books


Sibsagar Commerce College © 2020. All rights reserved.
Powered by Koha.
Hosted by LIBKART.